000 00347nam a2200133Ia 4500
008 240624s9999 xx 000 0 und d
041 _aeng
082 _a658.403801 JOS
100 _aJOSHI GIRDHAR
245 _aMANAGEMENT INFORMATION SYSTEMS
260 _c2013
_aNew Delhi
_bOxford India
300 _axx, : 503 : p. : cm. ; 24
365 _cRS
_b31
999 _c23145
_d23145